Desperado - Rihanna - All Lyrics - Statistics

General Stats
  • This quiz has been taken 29 times
  • The average score is 256 of 318
Answer Stats
Answer % Correct
a
95%
A
95%
Desperado
95%
desperado
95%
go
95%
I
95%
in
95%
ya
95%
you
95%
You
95%
here
91%
here,
91%
me
91%
me,
91%
out
91%
outta
91%
share
91%
there
91%
There
91%
we
91%
and
86%
could
86%
goin'
86%
If
86%
it
86%
know
86%
no
86%
no,
86%
Take
86%
want
86%
want,
86%
yeah
86%
Yeah,
86%
yeah,
86%
Yeah-yeah
86%
ain't
82%
ain’t
82%
be
82%
Carlo
82%
don't
82%
easy,
82%
for
82%
from
82%
get
82%
I'm
82%
Monte
82%
old
82%
Running
82%
Sittin'
82%
wanna
82%
with
82%
alone
77%
can
77%
leavin'
77%
not
77%
nothin'
77%
of
77%
any
73%
back
73%
behind
73%
cause
73%
Gotta
73%
leaving
73%
man
73%
Actually,
68%
anymore
68%
But
68%
common
68%
heart
68%
hollow
68%
is
68%
just
68%
love
68%
Never,
68%
tryna
68%
against
64%
going
64%
up
64%
won't
64%
had
59%
interests
59%
broke
55%
Dear
55%
need
55%
Once
55%
our
55%
runaways
55%
both
50%
gone,
50%
lone
50%
sight
50%
we're
50%
We've
50%
whose
50%
wolf
50%
hearts
45%
No matching quizzes found
Score Distribution
Percent of People with Each Score
Percentile by Number Answered
Your Score History
You have not taken this quiz